East African journal of peace & human rights.2000 Vol.6, No.1 (Record no. 4964)
[ view plain ]
| 000 -LEADER | |
|---|---|
| fixed length control field | 01891cas a2200505 a 4500 |
| 001 - CONTROL NUMBER | |
| control field | 11418718 |
| 003 - CONTROL NUMBER IDENTIFIER | |
| control field | OSt |
| 005 - DATE AND TIME OF LATEST TRANSACTION | |
| control field | 20120109154446.0 |
| 007 - PHYSICAL DESCRIPTION FIXED FIELD--GENERAL INFORMATION | |
| fixed length control field | t| |
| 008 - FIXED-LENGTH DATA ELEMENTS--GENERAL INFORMATION | |
| fixed length control field | 930601c19939999ug fr p bg 0 a0eng c |
| 010 ## - LIBRARY OF CONGRESS CONTROL NUMBER | |
| LC control number | 93642877 |
| Canceled/invalid LC control number | sn 93026746 |
| 022 0# - INTERNATIONAL STANDARD SERIAL NUMBER | |
| International Standard Serial Number | 1021-8858 |
| Source | 0 |
| 035 ## - SYSTEM CONTROL NUMBER | |
| System control number | (OCoLC)ocm28188312 |
| 037 ## - SOURCE OF ACQUISITION | |
| Source of stock number/acquisition | The Human Rights and Peace Centre, Faculty of Law, Makerere University, P.O. Box 7062, Kampala, Uganda |
| 040 ## - CATALOGING SOURCE | |
| Original cataloging agency | FU |
| Transcribing agency | FU |
| Modifying agency | NSDP |
| -- | DLC |
| -- | InU |
| -- | MH |
| -- | OCoLC |
| -- | MBNU-L |
| -- | OCoLC |
| 042 ## - AUTHENTICATION CODE | |
| Authentication code | pcc |
| -- | nsdp |
| 043 ## - GEOGRAPHIC AREA CODE | |
| Geographic area code | f------ |
| 050 00 - LIBRARY OF CONGRESS CALL NUMBER | |
| Classification number | K5 |
| Item number | .A75 |
| 050 14 - LIBRARY OF CONGRESS CALL NUMBER | |
| Classification number | KQC572.A13 |
| Item number | E27 |
| 082 00 - DEWEY DECIMAL CLASSIFICATION NUMBER | |
| Classification number | 341.4/81 |
| Edition number | 20 |
| 210 0# - ABBREVIATED TITLE | |
| Abbreviated title | East Afr. j. peace hum. rights |
| 222 #0 - KEY TITLE | |
| Key title | East African journal of peace & human rights |
| 245 00 - TITLE STATEMENT | |
| Title | East African journal of peace & human rights.2000 Vol.6, No.1 |
| 246 3# - VARYING FORM OF TITLE | |
| Title proper/short title | East African journal of peace and human rights |
| 260 ## - PUBLICATION, DISTRIBUTION, ETC. (IMPRINT) | |
| Place of publication, distribution, etc | Kampala, Uganda : |
| Name of publisher, distributor, etc | Makerere University, Human Rights and Peace Centre, |
| Date of publication, distribution, etc | 2000- |
| 300 ## - PHYSICAL DESCRIPTION | |
| Extent | v. ; |
| Dimensions | 26 cm. |
| 310 ## - CURRENT PUBLICATION FREQUENCY | |
| Current publication frequency | Semiannual |
| 362 0# - DATES OF PUBLICATION AND/OR SEQUENTIAL DESIGNATION | |
| Dates of publication and/or sequential designation | Vol. 1, no. 1- |
| 500 ## - GENERAL NOTE | |
| General note | Title from cover. |
| 500 ## - GENERAL NOTE | |
| General note | Latest issue consulted: Vol. 4, no. 1, published 1998. |
| 504 ## - BIBLIOGRAPHY, ETC. NOTE | |
| Bibliography, etc | Includes bibliographical references. |
| 590 ## - LOCAL NOTE (RLIN) | |
| Local note | SERBIB/SERLOC merged record |
| 650 #0 - SUBJECT ADDED ENTRY--TOPICAL TERM | |
| Topical term or geographic name as entry element | Human rights |
| Geographic subdivision | Africa |
| Form subdivision | Periodicals. |
| 9 (RLIN) | 6263 |
| 650 #0 - SUBJECT ADDED ENTRY--TOPICAL TERM | |
| Topical term or geographic name as entry element | International law |
| Geographic subdivision | Africa |
| Form subdivision | Periodicals. |
| 9 (RLIN) | 6264 |
| 650 #0 - SUBJECT ADDED ENTRY--TOPICAL TERM | |
| Topical term or geographic name as entry element | Peace |
| Form subdivision | Periodicals. |
| 9 (RLIN) | 6265 |
| 651 #0 - SUBJECT ADDED ENTRY--GEOGRAPHIC NAME | |
| Geographic name | Africa |
| General subdivision | Politics and government |
| Form subdivision | Periodicals. |
| 9 (RLIN) | 6266 |
| 710 2# - ADDED ENTRY--CORPORATE NAME | |
| Corporate name or jurisdiction name as entry element | Makerere University. |
| Subordinate unit | Human Rights and Peace Centre. |
| 9 (RLIN) | 6267 |
| 906 ## - LOCAL DATA ELEMENT F, LDF (RLIN) | |
| a | 7 |
| b | cbc |
| c | serials |
| d | 2 |
| e | ncip |
| f | 19 |
| g | n-oclcserc |
| 942 ## - ADDED ENTRY ELEMENTS (KOHA) | |
| Source of classification or shelving scheme | Dewey Decimal Classification |
| Koha item type | Law Reports |
| Withdrawn status | Lost status | Source of classification or shelving scheme | Damaged status | Not for loan | Home library | Current library | Shelving location | Date acquired | Total Checkouts | Full call number | Barcode | Date last seen | Price effective from | Koha item type |
|---|---|---|---|---|---|---|---|---|---|---|---|---|---|---|
| Dewey Decimal Classification | Law Development Centre Main Library | Law Development Centre Main Library | Law Reports | 01/09/2012 | 341.4/81 | 3522/2012 | 01/09/2012 | 01/09/2012 | Law Reports |
